000 00443nam a22001697a 4500
003 NUST
005 20220201101257.0
020 _a9787508540078
038 _aMuhammad Ibrhim
082 _a070.43
_bCHE 2019
100 _aChen , Xu
_988686
245 _aJiaolong's sea explorations /
_bXu Chen
260 _aBeijing Shi :
_bChina Intercontinental Press,
_c2019
300 _a340 p
_billustrations
_c23 cm.
563 _aPB
942 _2ddc
_cBK
999 _c587734
_d587734